000 00900nam a2200289 i 4500
003 DO-SdBNP
005 20260703103220.0
007 ta
008 260703b1996 dr a|||| |||| 00| 0 spa d
020 _a9768156023
040 _aDO-SdBNP
_bspa
_cBNPHU
_erda
041 _aspa
082 4 _axxx
_bxxx
_222
100 1 _aSueko,
_eautor
_4aut.
_920568
245 1 0 _aEpopeya de Aumatex /
_cSueko ; ilustración, Jhon López.
250 _asegunda edición
264 1 _aSanto Domingo :
_bEditora Búho.
_c1996.
300 _a87 páginas :
_bilustraciones ;
_c18 cm.
336 _atexto
_btxt
_2rdacontent
337 _asin mediación
_bnc
_2rdamedia
338 _avolumen
_bn
_2rdacarrier
500 _aIncluye referencias bibliográficas y notas al pie de las páginas
590 _aInventariado, 2026/BT
700 1 _aLópez, Jhon,
_eilustrador
_4il.
_920570
910 _aBtavárez
942 _2ddc
_cLBS1
999 _c61000
_d61000